000
00228nam a2200097Ia 4500
008
120527s9999 xx 000 0 und d
100
_a
BRANDS, J.T
245
_a
Equipment for vegetabloe production
260
_b
IMAG
942
_c
BK
999
_c
25175
_d
25175